000 00562nam a22001817a 4500
005 20231128134643.0
008 231128b |||||||| |||| 00| 0 eng d
020 _a0133109291 ; 9780133109290
041 _aEnglish
082 _a340.1 ORL
100 _aOrlik, DK
_lEnglish
245 _aEthics for the Legal Professional /
_cDK Orlik
250 _aEighth Edition
260 _aUnited States of America :
_bPearson Inc,
_c2008
300 _bxxii, 329 pages ;
_c26 cm.
650 _aLegal practice
_bLaw
942 _cBK
_6ALISON_BN_VRIES
999 _c1019
_d1019